<?xml version="1.0" encoding="UTF-8"?><?xml-stylesheet type="text/xsl" href="static/style.xsl"?><OAI-PMH xmlns="http://www.openarchives.org/OAI/2.0/" xmlns:xsi="http://www.w3.org/2001/XMLSchema-instance" xsi:schemaLocation="http://www.openarchives.org/OAI/2.0/ http://www.openarchives.org/OAI/2.0/OAI-PMH.xsd"><responseDate>2026-04-17T15:52:04Z</responseDate><request verb="GetRecord" identifier="oai:www.recercat.cat:10230/52895" metadataPrefix="marc">https://recercat.cat/oai/request</request><GetRecord><record><header><identifier>oai:recercat.cat:10230/52895</identifier><datestamp>2025-12-25T19:59:34Z</datestamp><setSpec>com_2072_6</setSpec><setSpec>col_2072_452954</setSpec></header><metadata><record xmlns="http://www.loc.gov/MARC21/slim" xmlns:dcterms="http://purl.org/dc/terms/" xmlns:xsi="http://www.w3.org/2001/XMLSchema-instance" xmlns:doc="http://www.lyncode.com/xoai" xsi:schemaLocation="http://www.loc.gov/MARC21/slim http://www.loc.gov/standards/marcxml/schema/MARC21slim.xsd">
   <leader>00925njm 22002777a 4500</leader>
   <datafield ind2=" " ind1=" " tag="042">
      <subfield code="a">dc</subfield>
   </datafield>
   <datafield ind2=" " ind1=" " tag="720">
      <subfield code="a">Gallardo Ferrer, Nuria</subfield>
      <subfield code="e">author</subfield>
   </datafield>
   <datafield ind2=" " ind1=" " tag="260">
      <subfield code="c">2022-04-26T11:13:26Z</subfield>
   </datafield>
   <datafield ind2=" " ind1=" " tag="260">
      <subfield code="c">2022-04-26T11:13:26Z</subfield>
   </datafield>
   <datafield ind2=" " ind1=" " tag="260">
      <subfield code="c">2019</subfield>
   </datafield>
   <datafield ind2=" " ind1=" " tag="520">
      <subfield code="a">Màster en Traducció Literària i Audiovisual (UPF Barcelona School of Management). Curs 2018-2019</subfield>
   </datafield>
   <datafield ind2=" " ind1=" " tag="520">
      <subfield code="a">Tutora: Rosa Roig González</subfield>
   </datafield>
   <datafield ind2=" " ind1=" " tag="520">
      <subfield code="a">Dado que los elementos coloquiales son parte intrínseca de la oralidad prefabricada, el lenguaje tabú está siempre presente en el cine. El modo en el que se tratan las palabras malsonantes en doblaje tiene un interés traductológico indudable, y es por eso que en el presente estudio se plantea la hipótesis de que en traducción audiovisual para doblaje al español se tiende a eliminar o a atenuar parte de los elementos tabús que aparecen en la versión original. Para comprobarlo, se toma como objeto de estudio la película The Wolf of Wall Street (Scorsese, M., 2013) y se analiza el total de las apariciones de la palabra fuck y sus derivados en la versión original (VO) de la película. Una vez estudiadas las apariciones de la F-word se analiza de manera exhaustiva el modo en que se han traducido en la versión doblada (VD) al español de España. Una vez se ha comprobado si se mantiene o no la malsonancia de todos los disfemismos, se propone un listado de traducciones al español de la palabra fuck y sus derivados para que otros traductores puedan emplearlo en futuros proyectos.</subfield>
   </datafield>
   <datafield ind2=" " ind1=" " tag="520">
      <subfield code="a">Since colloquial elements are an intrinsic part of prefabricated orality, taboo language is always present in cinema. The way in which mispronouncing words is treated in dubbing has an undeniable traductologic interest, and that is the reason why in the present study we have the hypothesis that in audiovisual translation for Spanish dubbing there is a tendency to eliminate or attenuate part of the taboo elements that appear in the original version. In order to prove this, we take the film The Wolf of Wall Street (Scorsese, M., 2013) as an object of study and we analyze the total number of appearances of the word fuck and its derivatives in the original version (OV) of the film. Once the appearances of the F-word have been studied, the way in which they have been translated in the dubbed version (DV) into Spanish from Spain is exhaustively analyzed. Having checked whether or not the taboo elements of all the dysphemisms is eliminated, a list of possible translations into Spanish of the word fuck and its derivatives is proposed so that other translators can use it in further projects.</subfield>
   </datafield>
   <datafield tag="653" ind2=" " ind1=" ">
      <subfield code="a">Treball de fi de màster – Curs 2018-2019</subfield>
   </datafield>
   <datafield tag="653" ind2=" " ind1=" ">
      <subfield code="a">traducción audiovisual (TAV), doblaje, palabras tabú, expletivos, fuck, atenuación, El lobo de Wall Street</subfield>
   </datafield>
   <datafield ind2="0" ind1="0" tag="245">
      <subfield code="a">Jodida traducción: estudio descriptivo del doblaje de &amp;quot;fuck&amp;quot; en El lobo de Wall Street</subfield>
   </datafield>
</record></metadata></record></GetRecord></OAI-PMH>